Zespoły po piosenkach part 2 - Statystyki

Ogólne statystyki
  • Ten quiz został rozwiązany 60 razy
  • Średni wynik to 8 z 15
Statystyki odpowiedzi
Tytuł Zespół/Wykonawca % Poprawnych
Pszczółka Maja Zbigniew Wodecki /Akcent
90%
Przez twe oczy zielone Akcent
77%
Sen o Victorii Dżem
73%
Zacznij od Bacha Zbigniew Wodecki
73%
Weź nie pytaj Paweł Domagała
71%
To nie ja Edyta Górniak
60%
Na jednej z dzikich plaż Rotary
60%
Megiera Sławomir
58%
Weselny Pyton Sławomir
58%
Wszyscy Polacy Bayer Full
40%
Złote Tarasy Mr. Polska
40%
Miałaś 18 lat Boys
33%
Łobuz Boys
33%
Zabiorę cię właśnie tam Kancelaria/Tomasz Karolak
27%
Ti amo Umberto Tozzi
4%
Nie znaleziono quizów pasujących do podanych kryteriów
Rozkład punktacji
Procent ludzi z każdym wynikiem
Percentyl według liczby udzielonych odpowiedzi
Twoja historia wyników
Nie rozwiązałeś tego quizu